| 000 | 00452nam a2200169 a 4500 | ||
|---|---|---|---|
| 001 | 0000-8605 | ||
| 003 | ELIB.Books | ||
| 008 | 110520 1908 | ||
| 035 | _a(ELIB.Books)0000-8751 | ||
| 082 |
_a266 _bBro |
||
| 100 | _aBrown, Arthur Judson | ||
| 245 | _aThe Why and How of Foreign Missions | ||
| 260 |
_bNew York: Young People's Missionary Movement _c1908 |
||
| 650 | _aMission | ||
| 942 |
_2ddc _cBK |
||
| 998 |
_cbat _e2011-05-20 |
||
| 999 |
_c8605 _d8605 |
||